000
00284nam a2200121Ia 4500
005
20251222144646.0
008
251222s9999||||xx |||||||||||||| ||spa||
082
_a
241.4/G27/Ej.3
100
_a
Gaspari, Luis
245
0
_a
Libro del Amor
264
_b
Madame L. Verhelst
942
_c
LIB
999
_c
16877
_d
16877